| 000 | 00505nam a2200169 i 4500 | ||
|---|---|---|---|
| 001 | 28516 | ||
| 003 | ES-MaACL | ||
| 005 | 20230906153854.0 | ||
| 007 | t| | ||
| 008 | 030117s1973 cr ||||1| spa d | ||
| 100 | 1 |
_aBaeza Flores, Alberto. _924621 |
|
| 245 | 1 | 0 |
_aChile _b: Septiembre 1973 / _cAlberto Baeza Flores. |
| 260 |
_a[San José de Costa Rica : _bs.n., _c1973] ( _fImp. Borrasé) |
||
| 300 |
_a15 p. ; _c18 cm. |
||
| 852 |
_aES-MaACL _j2090-F-5 _bR.91205 |
||
| 852 |
_aES-MaACL _j2090-F-6 _bR.91206 |
||
| 999 |
_c28516 _d28516 |
||